00524nam a2200181 a 4500001001300000003000900013005001700022008004100039020002300080082001700103100002300120245008100143260003300224300000900257500003500266505001700301650002400318nice12345678IN_TiNIC20260116013159.0050524s1992 newa grp 000 0 eng  a0883442 c88200a230.046bAND aAndelson, Robert V aFrom Wasteland to Promised Landb Liberation Theology for a Post-Marxist Wor aNew YorkbOrbis Books c1992 a146p aincludes index and biblioraphy2 aGernal Index aLiberation-Theology